| 000 | 00654nam a2200169Ia 4500 | ||
|---|---|---|---|
| 008 | 130821s1975 ve gr spa | ||
| 040 |
_aCo-BoUCM _bspa |
||
| 041 | 0 | 0 | _aspa |
| 100 | 1 | _aMonagas, Aquiles | |
| 245 | 1 | 0 |
_aTestimonio de una traición a Venezuela demanda de nulidad del tratado de límites de 1941 entre Venezuela y Colombia _cAquiles Monagas |
| 260 |
_aCaracas (Venezuela) _bEdiciones Garrido _c1975 |
||
| 300 | _a221 páginas | ||
| 651 | 7 |
_aColombia _xLimites _zVenezuela _vTratados _926606 |
|
| 651 | 7 |
_aVenezuela _xLimites _zColombia _vTratados _926721 |
|
| 942 |
_cLIBRO _a8 _e1 _mM65t _2DEWEY _h341.37 |
||
| 999 |
_c61769 _d61769 |
||